Sites of special scientific interest - Planning and Environment Law Reform Working Group report (Record no. 60930)

MARC details
000 -LEADER
fixed length control field 00694cam a2200157 4500
001 - CONTROL NUMBER
control field ABS61219
008 - FIXED-LENGTH DATA ELEMENTS--GENERAL INFORMATION
fixed length control field 000000n1999 000 0 eng u
035 ## - SYSTEM CONTROL NUMBER
System control number (Sirsi) u101818
245 ## - TITLE STATEMENT
Title Sites of special scientific interest - Planning and Environment Law Reform Working Group report
260 ## - PUBLICATION, DISTRIBUTION, ETC.
Date of publication, distribution, etc. 1999
490 ## - SERIES STATEMENT
Series statement Journal of Planning and Environment Law
Volume/sequential designation September 1999, 789-796(8)
520 ## - SUMMARY, ETC.
Summary, etc. The response of the Planning and Environment Law Reform Policy Group to the government consultation paper Sites of special scientific interest: better protection and management.
650 ## - SUBJECT ADDED ENTRY--TOPICAL TERM
Topical term or geographic name entry element SITES OF SPECIAL SCIENTIFIC INTEREST
690 ## - LOCAL SUBJECT ADDED ENTRY--TOPICAL TERM (OCLC, RLIN)
Topical term or geographic name as entry element ENVIRONMENTAL AND LAND CONSULTANCY
942 ## - ADDED ENTRY ELEMENTS (KOHA)
Suppress in OPAC 0
Holdings
Withdrawn status Lost status Source of classification or shelving scheme Damaged status Not for loan Home library Current library Shelving location Date acquired Total Checkouts Full call number Barcode Date last seen Copy number Price effective from Koha item type
    Dewey Decimal Classification     London London Journal article 11/11/1999   ABS61219 101818-1001 06/08/2019 1 06/08/2019 Journal article